| Tag |
First Indicator |
Second Indicator |
Subfields |
| LEADER |
00000cam a2200000 4500 |
| 001 |
in00000077336 |
| 005 |
20151008052725.0 |
| 008 |
721025s1937 nyuabcf 00000 eng u |
| 010 |
|
|
|a 37028669
|
| 035 |
|
|
|a (OCoLC)00476857
|
| 035 |
|
|
|9 AAH4630AM
|
| 040 |
|
|
|c CSU
|d TXA
|d UtOrBLW
|
| 049 |
|
|
|a TXAM
|c [100549]
|
| 050 |
|
0 |
|a HD8072
|b .H9
|
| 092 |
|
|
|a 331.0973
|b H877
|
| 100 |
1 |
|
|a Huberman, Leo,
|d 1903-1968.
|
| 245 |
1 |
4 |
|a The labor spy racket /
|c by Leo Huberman.
|
| 264 |
|
1 |
|a New York :
|b Modern Age Books, inc.,
|c [1937]
|
| 264 |
|
4 |
|c [©1937]
|
| 300 |
|
|
|a 5p. 1., 195 pages, 2 unnumbered pages :
|b illustrations(map)plates,portraits,diagram ;
|c 20cm.
|
| 336 |
|
|
|a text
|b txt
|2 rdacontent
|
| 337 |
|
|
|a unmediated
|b n
|2 rdamedia
|
| 338 |
|
|
|a volume
|b nc
|2 rdacarrier
|
| 490 |
0 |
|
|a Modern age books. Gold seal books, no.4
|
| 500 |
|
|
|a "Most of the material in this book is based on the evidence introduced in the hearings before the subcommittee of the Committee on Education and Labor of the United States Senate, popularly known as the La Follette Civil Liberties Committee."- Pref.
|
| 650 |
|
0 |
|a Working class
|z United States
|y 1914-
|
| 650 |
|
0 |
|a Spies.
|
| 650 |
|
0 |
|a Labor unions
|z United States.
|
| 650 |
|
0 |
|a Labor movement
|z United States
|y 1914-
|
| 650 |
|
0 |
|a Labor
|z United States
|y 1914-
|
| 710 |
1 |
|
|a United States.
|b Congress.
|b Senate.
|b Committee on Education and Labor.
|
| 999 |
|
|
|a MARS
|
| 999 |
f |
f |
|s 3275d46e-53f3-338e-90ac-989c29ec4824
|i 014440cb-132b-38d7-af60-9ad723c2c597
|t 0
|
| 952 |
f |
f |
|p ric
|a Texas A&M University
|b Rellis Campus
|c Joint Library Facility
|d Remote Storage
|t 0
|e HD8072 .H9
|h Library of Congress classification
|i unmediated -- volume
|m A14800713367
|
| 998 |
f |
f |
|a HD8072 .H9
|t 0
|l Remote Storage
|